000 00772nam a2200181 i 4500
001 104594
003 ES-MaACL
005 20230906183637.0
007 t|
008 051202s1978 sp ||||1| spa d
110 1 _aEspaña.
_bMinisterio de Agricultura.
_bSecretaría General Técnica.
_93842
245 1 0 _aRed contable agraria nacional
_b: resultados del ejercicio 1976-77 /
_cMinisterio de Agricultura, Secretaría General Técnica.
260 _aMadrid :
_b[s.n.],
_c1978 (
_fImp. del Servicio de Publicaciones Agrarias)
300 _aXXIII, 60 p., 15 h. :
_bil. ;
_c29 cm.
650 4 _aAgricultura-
_zEspaña-
_vEstadísticas.
_9143450
710 1 _aEspaña.
_bMinisterio de Agricultura.
_bServicio de Publicaciones Agrarias.
_9172211
852 _aES-MaACL
_jA-9396
999 _c104594
_d104594